000 00295nam a22001337a 4500
008 170727b xxu||||| |||| 00| 0 eng d
020 _a9780538729765
041 _aeng
080 _a004
100 _a31
101 _aSHK
245 _aKEYBOARDING & FORMATTING
_cVANHUSS,S.H
942 _2udc
_cBK
999 _c21983
_d21983